000 00756nam a2200181 i 4500
001 124987
003 ES-MaACL
005 20230906192530.0
007 t|
008 070425s1936 sp ||||1| spa d
245 0 0 _aInformación pública sobre el Proyecto de Unificación de los Seguros sociales
_b: abierta en el Ministerio del Trabajo, del 29 de mayo al 17 de junio de 1936.
260 _aMadrid :
_b[s.n.],
_c1936 (
_fImprenta y Encuadernación de los Sobrinos de la Sucesora de M. Minuesa de los Ríos)
300 _a21 p. ;
_c20 cm.
490 1 _aPublicaciones del Instituto Nacional de Previsión ;
_v495
830 0 _aPublicaciones del Instituto Nacional de Previsión ;
_v495
_9181151
852 _aES-MaACL
_jC-12659(8)
999 _c124987
_d124987